000 00522nam a2200193Ia 4500
005 20250508151323.0
008 008 250505s9999 xx 000 0 eng d
037 _aTextual
040 _aFEDL
_beng
_cFEDL
041 _aeng
_2eng
084 _a155.2, NOT
_qFEDL
100 _aNotcutt Bernard
_986026
245 0 _aPsychology of personality
260 _aLondon, UK
_bMethuen and Co. Ltd.
_c1953
300 _a259p
650 _aPersonality
942 _cTEXL
_h155.2, NOT
999 _c1329037
_d1329037